| 000 | 00427nam a2200133Ia 4500 | ||
|---|---|---|---|
| 008 | 211119s9999||||xx |||||||||||||| ||und|| | ||
| 082 |
_a153.4 _bNAI-K |
||
| 100 | _aNair, Pala S K | ||
| 245 | 0 | _aKriyathmaka Chinthakalum Jeevithavijayavum | |
| 260 |
_bD c Books _aKottayam _c2002 |
||
| 300 | _a207p | ||
| 650 |
_aphilosophy & psychology _vpsychologyMental processes & intelligenceEconomics _xPGR-GANDHIAN STUDIES |
||
| 942 | _cBOOK | ||
| 999 |
_c107865 _d107865 |
||